ბათუმის შოთა რუსთაველის სახელმწიფო უნივერსიტეტის ბიბლიოთეკა

Основные биоэкологические факторы возделывания пшеницы в степной зоне Восточной Грузии=აღმოსავლეთ საქართველოს ველის ზონაში ხორბლის მოყვანის ძირითადი ბიოეკოლოგიური ფაქტორები (ბიბ.ჩანაწერი № 45655)

000 -LEADER
fixed length control field 01024nam a2200205Ia 4500
001 - CONTROL NUMBER
control field 12481
003 - CONTROL NUMBER IDENTIFIER
control field GE_BSU
008 - FIXED-LENGTH DATA ELEMENTS--GENERAL INFORMATION
fixed length control field 181216s||||||||xx |||||||||||||| ||und||
040 ## - CATALOGING SOURCE
Transcribing agency GE_BSU
080 ## - UNIVERSAL DECIMAL CLASSIFICATION NUMBER
Universal Decimal Classification number 633.1(479.22)
100 ## - MAIN ENTRY--PERSONAL NAME
Personal name Марджанишвили,Ю.В.
245 ## - TITLE STATEMENT
Title Основные биоэкологические факторы возделывания пшеницы в степной зоне Восточной Грузии=აღმოსავლეთ საქართველოს ველის ზონაში ხორბლის მოყვანის ძირითადი ბიოეკოლოგიური ფაქტორები
260 ## - PUBLICATION, DISTRIBUTION, ETC.
Place of publication, distribution, etc. Тбилиси
260 ## - PUBLICATION, DISTRIBUTION, ETC.
Name of publisher, distributor, etc. Мецниереба
260 ## - PUBLICATION, DISTRIBUTION, ETC.
Date of publication, distribution, etc. 1966
300 ## - PHYSICAL DESCRIPTION
Extent 193стр.22см.
300 ## - PHYSICAL DESCRIPTION
Accompanying material Таблицы-43
653 ## - INDEX TERM--UNCONTROLLED
Uncontrolled term Основные биоэкологические факторы возделывания пшеницы в степной зоне Восточной Грузии
942 ## - ADDED ENTRY ELEMENTS (KOHA)
Koha item type წიგნი
ეგზემპლარები
Withdrawn status Lost status Damaged status Not for loan Date acquired Barcode Date last seen Price effective from Koha item type
        2018-12-17 20685 2018-12-17 2018-12-17 წიგნი
        2018-12-17 20686 2018-12-17 2018-12-17 წიგნი
        2018-12-17 20687 2018-12-17 2018-12-17 წიგნი
        2018-12-17 20688 2018-12-17 2018-12-17 წიგნი
        2018-12-17 20689 2018-12-17 2018-12-17 წიგნი
        2018-12-17 20690 2018-12-17 2018-12-17 წიგნი
        2018-12-17 20691 2018-12-17 2018-12-17 წიგნი
        2018-12-17 20692 2018-12-17 2018-12-17 წიგნი